La Ciudad Lineal (Record no. 44242)

MARC details
000 -LEADER
campo de control de longitud fija 00697nam a2200181 i 4500
001 - NÚMERO DE CONTROL
campo de control 44242
003 - IDENTIFICADOR DE NÚMERO DE CONTROL
campo de control ES-MaACL
005 - FECHA Y HORA DE LA ÚLTIMA TRANSACCIÓN
campo de control 20230906161002.0
007 - CAMPO FIJO DE DESCRIPCIÓN FÍSICA--INFORMACIÓN GENERAL
campo de control de longitud fija t|
008 - DATOS DE LONGITUD FIJA--INFORMACIÓN GENERAL
campo de control de longitud fija 030320s1894 sp ||||1| spa d
245 03 - MENCIÓN DEL TÍTULO
Título La Ciudad Lineal
Resto del título : antecedentes y datos varios acerca de su construcción.
260 ## - PUBLICACIÓN, DISTRIBUCIÓN, ETC.
Lugar de publicación, distribución, etc. [Madrid :
Nombre del editor, distribuidor, etc. s.n.],
Fecha de publicación, distribución, etc. 1894 (
Fabricante Est. tip. de Sucesores de Rivadeneyra)
300 ## - DESCRIPCIÓN FÍSICA
Extensión 124 p., [1] h. pleg. :
Otras características físicas il. ;
Dimensiones 23 cm.
500 ## - NOTA GENERAL
Nota general Recoge diversa información sobre el acto de inauguración del inicio de las obras en julio de 1894.
651 ## - PUNTO DE ACCESO ADICIONAL DE MATERIA--NOMBRE GEOGRÁFICO
Nombre geográfico Ciudad Lineal (Madrid, Distrito)
9 (RLIN) 145210
710 2# - ENTRADA AGREGADA--NOMBRE DE ENTIDAD CORPORATIVA
Nombre de entidad corporativa o nombre de jurisdicción como elemento de entrada Compañía Madrileña de Urbanización.
9 (RLIN) 3121
852 ## - LOCALIZACIÓN
Ubicación ES-MaACL
Número de control de estantería T-805-F-3
Holdings
Estatus retirado Estado de pérdida Estado de daño No para préstamo Colección Biblioteca de origen Biblioteca actual Ubicación en estantería Fecha de adquisición Fuente de adquisición Total de préstamos Signatura topográfica completa Código de barras Visto por última vez Precio de reemplazo Tipo de ítem Koha
        Colección de folletos Biblioteca del Ateneo de Madrid Biblioteca del Ateneo de Madrid Depósito folletos 17/01/2008     T-805-F-3 1046561 23/02/2023 23/02/2023 Folleto